Assessment of learners with dyslexic-type difficulties
Saved in:
| Main Author: | |
|---|---|
| Format: | Book |
| Language: | English |
| Published: |
Sage Publication,
2013.
|
| Tags: |
Add Tag
No Tags, Be the first to tag this record!
|
MARC
| LEADER | 00000nam a22000007a 4500 | ||
|---|---|---|---|
| 008 | 210419b ||||| |||| 00| 0 eng d | ||
| 020 | |a 978-1-4462-6023-4 | ||
| 100 | |a PHILLIPS, Sylvia. | ||
| 245 | |a Assessment of learners with dyslexic-type difficulties |c Sylvia Phillips, Kathleen Kelly, Liz Symes |g xviii, 324p | ||
| 260 | |b Sage Publication, |c 2013. |h Los Angeles: |i 691984 |i 691985 |l LC4708 .P54 |m Dyslexic children – Education. |m Educational tests and measurements | ||
| 500 | |a “It includes references and index”. | ||
| 942 | |a lcc |c BK |e Adeniran F. A |f 19/04/2021 | ||
| 952 | |0 0 |1 0 |2 lcc |4 0 |6 LC4708 P54 |7 0 |9 2169 |a HOL |b ED |c LP |d 2021-04-19 |l 0 |o LC4708 .P54 |p 2021-6023 |r 2021-04-19 00:00:00 |w 2021-04-19 |y BK | ||
| 952 | |0 0 |1 0 |2 lcc |4 0 |6 LC4708 P54 |7 0 |9 2170 |a HOL |b HOL |c LP |d 2021-04-19 |l 0 |o LC4708 .P54 |p 2021-6024 |r 2021-04-19 00:00:00 |w 2021-04-19 |y BK | ||
| 999 | |c 1128 |d 1128 | ||